000 00341 a2200169 4500
001 178793
020 _a85-7319-412-X
040 _cMagnum
100 _aZatz, Lia
240 1 0 _aJogo duro
_lpor
245 1 0 _aJogo duro
300 _a102
362 0 _a2004
440 1 _aDimensão
697 _aLITERATURA INFANTO-JUVENIL
942 _cBK
999 _c178793
_d178793